000 00571nam a2200217Ia 4500
005 20241129111332.0
008 241129s9999||||xx |||||||||||||| ||und||
020 _a978-977-6665-09-5
037 _aTB
040 _aCRL
_beng
_cCRL
041 _aara
_2ara
084 _aV541 28Q8
_qCRL
100 _aRasilan Ameer Shikaib Au.
_9724114
245 0 _aKhulasa-e- tareekh-e-al-undalis
_cRasilan Ameer Shikaib Au.
260 _c2018
300 _a383p.
365 _aINR
_b1500
650 _a History
942 _cTB
_hV541 28Q8
999 _c1229977
_d1229977